Kazakistan ülke raporu. (Record no. 200451093)
[ view plain ]
| 000 -LEADER | |
|---|---|
| fixed length control field | 01092cam a2200337 i 4500 |
| 001 - CONTROL NUMBER | |
| control field | 200451093 |
| 003 - CONTROL NUMBER IDENTIFIER | |
| control field | TR-AnTOB |
| 005 - DATE AND TIME OF LATEST TRANSACTION | |
| control field | 20230621171318.0 |
| 007 - PHYSICAL DESCRIPTION FIXED FIELD--GENERAL INFORMATION | |
| fixed length control field | ta |
| 008 - FIXED-LENGTH DATA ELEMENTS--GENERAL INFORMATION | |
| fixed length control field | 030307s1995 tu bd 000 0 tur d |
| 020 ## - INTERNATIONAL STANDARD BOOK NUMBER | |
| International Standard Book Number | 9757307084 |
| 035 ## - SYSTEM CONTROL NUMBER | |
| System control number | (TR-AnTOB)200451093 |
| 040 ## - CATALOGING SOURCE | |
| Original cataloging agency | BGZ |
| Language of cataloging | eng |
| Description conventions | rda |
| Transcribing agency | BGZ |
| Modifying agency | TR-AnTOB |
| 041 0# - LANGUAGE CODE | |
| Language code of text/sound track or separate title | Türkçe |
| 050 #4 - LIBRARY OF CONGRESS CALL NUMBER | |
| Classification number | HC420.5 |
| Item number | .K393 1995 |
| 090 ## - LOCALLY ASSIGNED LC-TYPE CALL NUMBER (OCLC); LOCAL CALL NUMBER (RLIN) | |
| Classification number (OCLC) (R) ; Classification number, CALL (RLIN) (NR) | HC420.5 |
| Local cutter number (OCLC) ; Book number/undivided call number, CALL (RLIN) | .K393 1995 |
| 245 00 - TITLE STATEMENT | |
| Title | Kazakistan ülke raporu. |
| 264 #1 - PRODUCTION, PUBLICATION, DISTRIBUTION, MANUFACTURE, AND COPYRIGHT NOTICE | |
| Place of production, publication, distribution, manufacture | Ankara : |
| Name of producer, publisher, distributor, manufacturer | TİKA, |
| Date of production, publication, distribution, manufacture, or copyright notice | 1995. |
| 300 ## - PHYSICAL DESCRIPTION | |
| Extent | 96 pages : |
| Other physical details | map, tables ; |
| Dimensions | 24 cm |
| 336 ## - CONTENT TYPE | |
| Content type term | text |
| Content type code | txt |
| Source | rdacontent |
| 337 ## - MEDIA TYPE | |
| Media type term | unmediated |
| Media type code | n |
| Source | rdamedia |
| 338 ## - CARRIER TYPE | |
| Carrier type term | volume |
| Carrier type code | nc |
| Source | rdacarrier |
| 651 #7 - SUBJECT ADDED ENTRY--GEOGRAPHIC NAME | |
| Geographic name | Kazakistan |
| General subdivision | Ekonomik durum |
| Source of heading or term | etuturkob |
| 9 (RLIN) | 11853 |
| Geographic name | Kazakistan |
| General subdivision | Dış ekonomik ilişkiler |
| Geographic subdivision | Türkiye |
| Source of heading or term | etuturkob |
| 9 (RLIN) | 135325 |
| Geographic name | Türkiye |
| General subdivision | Dış ekonomik ilişkiler |
| Geographic subdivision | Kazakistan |
| Source of heading or term | etuturkob |
| 9 (RLIN) | 135326 |
| Geographic name | Kazakistan |
| General subdivision | Siyaset ve yönetim |
| Source of heading or term | etuturkob |
| 9 (RLIN) | 12106 |
| 710 2# - ADDED ENTRY--CORPORATE NAME | |
| Corporate name or jurisdiction name as entry element | Türk İşbirliği ve Kalkınma Ajansı |
| 9 (RLIN) | 33966 |
| 942 ## - ADDED ENTRY ELEMENTS (KOHA) | |
| Source of classification or shelving scheme | Library of Congress Classification |
| Koha item type | Book |
| Withdrawn status | Lost status | Source of classification or shelving scheme | Not for loan | Collection code | Home library | Current library | Shelving location | Date acquired | Source of acquisition | Inventory number | Total Checkouts | Full call number | Barcode | Date last seen | Copy number | Date shelved | Koha item type | Public note |
|---|---|---|---|---|---|---|---|---|---|---|---|---|---|---|---|---|---|---|
| Other/Generic Classification Scheme | Ödünç Verilemez-Kurumiçi kullanım / Not for loan-For inhouse use | TOBB Kütüphanesi Bağış Koleksiyonu - Klasik | Merkez Kütüphane | Merkez Kütüphane | TOBB Bağışı Koleksiyonu / TOBB Gift Collection | 01/07/2005 | TOBB Devir / TOBB Transfer | İKT | TOBBK HC420.5 .K393 1995 | T008454 | 30/12/2022 | 1 | 30/12/2022 | Book | Donated by TOBB |
